| 000 | 01138nam a2200301Ia 4500 | ||
|---|---|---|---|
| 001 | 57402 | ||
| 003 | CO-BoRNBP | ||
| 005 | 20250627135538.0 | ||
| 007 | ta | ||
| 008 | 000030 2016 ck a g spa 0000000000spa00 | ||
| 020 | _a9789581804443 | ||
| 040 |
_aCO-BoRNBP _bspa _erda _cCO-BoRNBP |
||
| 041 | _aspa | ||
| 082 | 0 | 4 |
_a303.6609861 _bC65a |
| 110 | 2 | _aColombia | |
| 245 | 1 | 0 | _aAcuerdo final para la terminación del conflicto armado & la oportunidad para construir paz |
| 250 | _aPrimera edición | ||
| 264 | 1 |
_aBogotá _bPresidencia de la República de Colombia _bOficina de Alto Comisionado para la Paz _c2016 |
|
| 300 |
_a310 páginas _bilustraciones en blanco y negro _c22 cm |
||
| 336 |
_atexto _btxt _2rdacontent |
||
| 337 |
_asin mediación _bn _2rdamedia |
||
| 338 |
_avolumen _bnc _2rdacarrier |
||
| 600 | 1 | 4 |
_aFuerzas Armadas Revolucionarias de Colombia _xAcuerdos de paz _ySiglo XXI _960576 |
| 650 | 0 | 7 |
_aProceso de paz _zColombia _ySiglo XXI _2LEMB _960577 |
| 650 | 0 | 7 |
_aSolución de conflictos _zColombia _ySiglo XXI _2LEMB _960578 |
| 650 | 0 | 7 |
_aAcuerdos de paz _ySiglo XXI _zColombia _2LEMB _960579 |
| 942 |
_2ddc _cBK |
||
| 999 |
_c57402 _d57402 |
||